Statistiques concernant Tous les Pokémons + Formes

Cliquez ici pour prendre le quiz!

Statistiques générales

  • Ce quiz a été pris 24 fois
  • Le résultat moyen est 459 sur 1016

Statistiques - réponses

No.Pokémon% Correct
#001Bulbizarre
100%
#003Florizarre
100%
#002Herbizarre
100%
#023Abo
92%
#024Arbok
92%
#013Aspicot
92%
#008Carabaffe
92%
#007Carapuce
92%
#010Chenipan
92%
#011Chrysacier
92%
#014Coconfort
92%
#006Dracaufeu
92%
#012Papilusion
92%
#021Piafabec
92%
#025Pikachu
92%
#026Raichu
92%
#022Rapasdepic
92%
#019Rattata
92%
#020Rattatac
92%
#005Reptincel
92%
#018Roucarnage
92%
#016Roucool
92%
#017Roucoups
92%
#004Salamèche
92%
#009Tortank
92%
#059Arcanin
85%
#058Caninos
85%
#015Dardargnan
85%
#038Feunard
85%
#037Goupix
85%
#052Miaouss
85%
#053Persian
85%
#172Pichu
85%
#027Sabelette
85%
#028Sablaireau
85%
#134Aquali
77%
#144Artikodin
77%
#091Crustabri
77%
#145Électhor
77%
#125Élektek
77%
#133Évoli
77%
#156Feurisson
77%
#080Flagadoss
77%
#078Galopa
77%
#383Groudon
77%
#155Héricendre
77%
#090Kokiyas
77%
#264Linéon
77%
#066Machoc
77%
#067Machopeur
77%
#068Mackogneur
77%
#240Magby
77%
#126Magmar
77%
#081Magnéti
77%
#082Magnéton
77%
#173Mélo
77%
#036Mélodelfe
77%
#035Mélofée
77%
#196Mentali
77%
#151Mew
77%
#150Mewtwo
77%
#034Nidoking
77%
#031Nidoqueen
77%
#029Nidoran ♀
77%
#032Nidoran ♂
77%
#030Nidorina
77%
#033Nidorino
77%
#197Noctali
77%
#077Ponyta
77%
#474Porygon-Z
77%
#136Pyroli
77%
#079Ramoloss
77%
#143Ronflex
77%
#109Smogo
77%
#110Smogogo
77%
#146Sulfura
77%
#050Taupiqueur
77%
#051Triopikeur
77%
#157Typhlosion
77%
#135Voltali
77%
#263Zigzaton
77%
#063Abra
69%
#227Airmure
69%
#065Alakazam
69%
#160Aligatueur
69%
#252Arcko
69%
#266Armulys
69%
#268Blindalys
69%
#257Braségali
69%
#318Carvanha
69%
#251Celebi
69%
#265Chenipotte
69%
#212Cizayox
69%
#057Colossinge
69%
#236Debugant
69%
#148Draco
69%
#149Dracolosse
69%
#094Ectoplasma
69%
#101Électrode
69%
#239Élekid
69%
#092Fantominus
69%
#056Férosinge
69%
#259Flobio
69%
#256Galifeu
69%
#471Givrali
69%
#258Gobou
69%
#446Goinfrex
69%
#075Gravalanch
69%
#040Grodoudou
69%
#076Grolem
69%
#089Grotadmorv
69%
#250Ho-Oh
69%
#123Insécateur
69%
#254Jungko
69%
#064Kadabra
69%
#158Kaiminus
69%
#237Kapoera
69%
#106Kicklee
69%
#382Kyogre
69%
#260Laggron
69%
#087Lamantine
69%
#130Léviator
69%
#238Lippouti
69%
#124Lippoutou
69%
#131Lokhlass
69%
#153Macronium
69%
#129Magicarpe
69%
#462Magnézone
69%
#253Massko
69%
#154Méganium
69%
#132Métamorph
69%
#147Minidraco
69%
#043Mystherbe
69%
#103Noadkoko
69%
#102Noeunoeuf
69%
#042Nosferalto
69%
#041Nosferapti
69%
#169Nostenfer
69%
#044Ortide
69%
#086Otaria
69%
#470Phyllali
69%
#255Poussifeu
69%
#074Racaillou
69%
#045Rafflesia
69%
#199Roigada
69%
#039Rondoudou
69%
#114Saquedeneu
69%
#214Scarhino
69%
#319Sharpedo
69%
#093Spectrum
69%
#088Tadmorv
69%
#174Toudoudou
69%
#107Tygnon
69%
#100Voltorbe
69%
#193Yanma
69%
#055Akwakwak
62%
#349Barpau
62%
#863Berserkatt
62%
#070Boustiflor
62%
#354Branette
62%
#323Camérupt
62%
#083Canarticho
62%
#267Charmillon
62%
#069Chétiflor
62%
#159Crocrodil
62%
#309Dynavolt
62%
#310Élecsprint
62%
#466Élekable
62%
#246Embrylex
62%
#244Entei
62%
#152Germignon
62%
#812Gorythmic
62%
#262Grahyèna
62%
#192Héliatronc
62%
#117Hypocéan
62%
#116Hypotrempe
62%
#862Ixon
62%
#115Kangourex
62%
#099Krabboss
62%
#098Krabby
62%
#814Lapyro
62%
#816Larméléon
62%
#113Leveinard
62%
#618Limonde
62%
#170Loupio
62%
#249Lugia
62%
#467Maganon
62%
#220Marcacrin
62%
#568Miamiasme
62%
#569Miasmax
62%
#168Migalos
62%
#350Milobellus
62%
#167Mimigal
62%
#122M. Mime
62%
#289Monaflèmit
62%
#312Négapi
62%
#270Nénupiot
62%
#700Nymphali
62%
#095Onix
62%
#105Ossatueur
62%
#104Osselait
62%
#810Ouistempo
62%
#269Papinox
62%
#046Paras
62%
#047Parasect
62%
#287Parecool
62%
#353Polichombr
62%
#311Posipi
62%
#060Ptitard
62%
#815Pyrobut
62%
#202Qulbutoké
62%
#384Rayquaza
62%
#111Rhinocorne
62%
#112Rhinoféros
62%
#127Scarabrute
62%
#361Stalgamin
62%
#120Stari
62%
#121Staross
62%
#208Steelix
62%
#245Suicune
62%
#186Tarpaud
62%
#062Tartard
62%
#072Tentacool
62%
#073Tentacruel
62%
#061Têtarte
62%
#175Togepi
62%
#562Tutafeh
62%
#248Tyranocif
62%
#247Ymphect
62%
#359Absol
54%
#049Aéromite
54%
#283Arakdo
54%
#811Badabouin
54%
#279Bekipan
54%
#295Brouhabam
54%
#331Cacnea
54%
#213Caratroc
54%
#234Cerfrousse
54%
#837Charbi
54%
#324Chartor
54%
#412Cheniti
54%
#391Chimpenfeu
54%
#293Chuchmur
54%
#221Cochignon
54%
#222Corayon
54%
#198Cornèbre
54%
#371Draby
54%
#372Drackhaus
54%
#373Drattak
54%
#215Farfuret
54%
#038 (Alola)Feunard d'Alola
54%
#653Feunnec
54%
#162Fouinar
54%
#161Fouinette
54%
#078 (Galar)Galopa de Galar
54%
#203Girafarig
54%
#278Goélise
54%
#037 (Alola)Goupix d'Alola
54%
#210Granbull
54%
#163Hoothoot
54%
#230Hyporoi
54%
#182Joliflor
54%
#140Kabuto
54%
#141Kabutops
54%
#539Karaclée
54%
#171Lanturn
54%
#380Latias
54%
#381Latios
54%
#818Lézargus
54%
#271Lombre
54%
#272Ludicolo
54%
#473Mammochon
54%
#284Maskadra
54%
#866M. Glaquette
54%
#439Mime Jr.
54%
#048Mimitoss
54%
#505Miradar
54%
#839Monthracite
54%
#831Moumouton
54%
#596Mygavolt
54%
#291Ninjask
54%
#103 (Alola)Noadkoko d'Alola
54%
#164Noarfang
54%
#362Oniglali
54%
#274Pifeuil
54%
#395Pingoléon
54%
#118Poissirène
54%
#077 (Galar)Ponyta de Galar
54%
#137Porygon
54%
#233Porygon2
54%
#054Psykokwak
54%
#142Ptéra
54%
#243Raikou
54%
#504Ratentif
54%
#020 (AlolaRattatac d'Alola
54%
#377Regirock
54%
#379Registeel
54%
#464Rhinastoc
54%
#500Roitiflam
54%
#819Rongourmand
54%
#315Rosélia
54%
#027 (Alola)Sabelette d'Alola
54%
#028 (Alola)Sablaireau d'Alola
54%
#185Simularbre
54%
#209Snubbull
54%
#595Statitik
54%
#216Teddiursa
54%
#275Tengalice
54%
#356Téraclope
54%
#393Tiplouf
54%
#468Togekiss
54%
#176Togetic
54%
#389Torterra
54%
#387Tortipouss
54%
#563Tutankafer
54%
#867Tutétékri
54%
#217Ursaring
54%
#288Vigoroth
54%
#838Wagomine
54%
#469Yanmega
54%
#201Zarbi
54%
#805Ama-Ama
46%
#698Amagara
46%
#139Amonistar
46%
#138Amonita
46%
#658Amphinobi
46%
#347Anorith
46%
#415Apitrini
46%
#724Archéduc
46%
#437Archéodong
46%
#436Archéomire
46%
#348Armaldo
46%
#317Avaltout
46%
#194Axoloto
46%
#184Azumarill
46%
#298Azurill
46%
#550Bargantua
46%
#411Bastiodon
46%
#425Baudrive
46%
#830Blancoton
46%
#652Blindépique
46%
#460Blizzaroi
46%
#459Blizzi
46%
#651Boguérisse
46%
#388Boskara
46%
#465Bouldeneu
46%
#722Brindibou
46%
#332Cacturne
46%
#225Cadoizo
46%
#509Chacripan
46%
#308Charmina
46%
#413Cheniselle
46%
#527Chovsourir
46%
#638Cobaltium
46%
#520Colombeau
46%
#366Coquiperl
46%
#430Corboss
46%
#823Corvaillus
46%
#189Cotovol
46%
#610Coupenotte
46%
#165Coxy
46%
#166Coxyclaque
46%
#482Créfadet
46%
#481Créfollet
46%
#480Créhelf
46%
#657Croâporal
46%
#491Darkrai
46%
#554Darumarond
46%
#521Déflaisan
46%
#301Delcatty
46%
#386Deoxys
46%
#483Dialga
46%
#634Diamat
46%
#719Diancie
46%
#680Dimoclès
46%
#461Dimoret
46%
#410Dinoclier
46%
#085Dodrio
46%
#084Doduo
46%
#699Dragmara
46%
#890Éthernatos
46%
#398Étouraptor
46%
#396Étourmi
46%
#397Étourvol
46%
#681Exagide
46%
#108Excelangue
46%
#200Feuforêve
46%
#080 (Galar)Flagadoss de Galar
46%
#513Flamajou
46%
#813Flambino
46%
#663Flambusard
46%
#188Floravol
46%
#515Flotajou
46%
#205Foretress
46%
#836Fulgudog
46%
#475Gallame
46%
#526Gigalithe
46%
#487Giratina
46%
#316Gloupti
46%
#655Goupelin
46%
#827Goupilou
46%
#187Granivol
46%
#075 (Alola)Gravalanch d'Alola
46%
#656Grenousse
46%
#622Gringolem
46%
#426Grodrive
46%
#499Grotichon
46%
#498Gruikui
46%
#297Hariyama
46%
#277Hélédelle
46%
#882Hydragon
46%
#097Hypnomade
46%
#206Insolourdo
46%
#385Jirachi
46%
#538Judokrak
46%
#328Kraknoix
46%
#408Kranidos
46%
#691Kravarech
46%
#180Lainergie
46%
#510Léopardus
46%
#330Libégon
46%
#345Lilia
46%
#218Limagma
46%
#264 (Galar)Linéon de Galar
46%
#370Lovdisc
46%
#448Lucario
46%
#314Lumivole
46%
#228Malosse
46%
#335Mangriff
46%
#438Manzaï
46%
#195Maraiste
46%
#183Marill
46%
#650Marisson
46%
#502Mateloutre
46%
#307Méditikka
46%
#003 (Méga)Méga-Florizarre
46%
#150 (Méga)Méga-Mewtwo X
46%
#150 (Méga)Méga-Mewtwo Y
46%
#009 (Méga)Méga-Tortank
46%
#809Melmetal
46%
#376Métalosse
46%
#375Métang
46%
#052 (Alola)Miaouss d'Alola
46%
#052 (Galar)Miaouss de Galar
46%
#821Minisange
46%
#679Monorpale
46%
#351Morphéo
46%
#832Moumouflon
46%
#501Moustillon
46%
#313Muciole
46%
#292Munja
46%
#531Nanméouïe
46%
#290Ningale
46%
#276Nirondelle
46%
#477Noctunoir
46%
#360Okéoké
46%
#390Ouisticram
46%
#865Palarticho
46%
#484Palkia
46%
#661Passerouge
46%
#053 (Alola)Persian d'Alola
46%
#181Pharamp
46%
#489Phione
46%
#441Pijako
46%
#519Poichigeon
46%
#613Polarhume
46%
#204Pomdepik
46%
#394Prinplouf
46%
#696Ptyranidur
46%
#637Pyrax
46%
#235Queulorior
46%
#074 (Alola)Racaillou d'Alola
46%
#294Ramboum
46%
#079 (Galar)Ramoloss de Galar
46%
#019 (Alola)Rattata d'Alola
46%
#378Regice
46%
#???Regidrago
46%
#???Regieleki
46%
#486Regigigas
46%
#697Rexillius
46%
#447Riolu
46%
#820Rongrigou
46%
#654Roussil
46%
#851Scolocendre
46%
#207Scorplane
46%
#472Scorvol
46%
#337Séléroc
46%
#336Séviper
46%
#392Simiabraz
46%
#355Skelénox
46%
#300Skitty
46%
#110 (Galar)Smogogo de Galar
46%
#338Solaroc
46%
#633Solochi
46%
#096Soporifik
46%
#442Spiritomb
46%
#280Tarsal
46%
#128Tauros
46%
#639Terrakium
46%
#599Tic
46%
#191Tournegrin
46%
#635Trioxhydre
46%
#357Tropius
46%
#562 (Galar)Tutafeh de Galar
46%
#346Vacilys
46%
#690Venalgue
46%
#543Venipatte
46%
#495Vipélierre
46%
#640Viridium
46%
#835Voltoutou
46%
#179Wattouat
46%
#716Xerneas
46%
#717Yveltal
46%
#888Zacian
46%
#889Zamazenta
46%
#263 (Galar)Zigzaton de Galar
46%
#718Zygarde
46%
#567Aéroptéryx
38%
#602Anchwatt
38%
#861Angoliath
38%
#416Apireine
38%
#493Arceus
38%
#566Arkéapti
38%
#817Arrozard
38%
#144 (Galar)Artikodin de Galar
38%
#458Babimanta
38%
#343Balbuto
38%
#285Balignon
38%
#822Bleuseille
38%
#662Braisillon
38%
#708Brocélôme
38%
#672Cabriolaine
38%
#564Carapagos
38%
#445Carchacrok
38%
#444Carmache
38%
#400Castorno
38%
#421Ceriflor
38%
#432Chaffreux
38%
#431Chaglam
38%
#286Chapignon
38%
#857Chapotus
38%
#409Charkos
38%
#673Chevroum
38%
#572Chinchidou
38%
#548Chlorobule
38%
#503Clamiral
38%
#600Clic
38%
#601Cliticlic
38%
#454Coatox
38%
#864Corayôme
38%
#580Couaneton
38%
#541Couverdure
38%
#557Crabicoque
38%
#453Cradopaud
38%
#488Cresselia
38%
#401Crikzik
38%
#555Darumacho
38%
#702Dedenne
38%
#226Démanta
38%
#709Desséliande
38%
#546Doudouvet
38%
#006 (Gigamax)Dracaufeu Gigamax
38%
#452Drascore
38%
#341Écrapince
38%
#241Écrémeuh
38%
#723Efflèche
38%
#145 (Galar)Électhor de Galar
38%
#587Emolga
38%
#358Éoko
38%
#890 (Infinimax)Éthernatos Infinimax
38%
#133 (Gigamax)Évoli Gigamax
38%
#547Farfaduvet
38%
#727Félinferno
38%
#632Fermite
38%
#511Feuillajou
38%
#512Feuilloutan
38%
#669Flabébé
38%
#725Flamiaou
38%
#514Flamoutan
38%
#670Floette
38%
#671Florges
38%
#003 (Gigamax)Florizarre Gigamax
38%
#516Flotoutan
38%
#549Fragilady
38%
#607Funécire
38%
#881Galvagla
38%
#880Galvagon
38%
#282Gardevoir
38%
#591Gaulet
38%
#525Géolithe
38%
#623Golemastoc
38%
#812 (Gigamax)Gorythmic Gigamax
38%
#273Grainipiot
38%
#443Griknot
38%
#850Grillepattes
38%
#076 (Alola)Grolem d'Alola
38%
#326Groret
38%
#089 (Alola)Grotadmorv d'Alola
38%
#628Gueriaigle
38%
#485Heatran
38%
#667Hélionceau
38%
#615Hexagel
38%
#450Hippodocus
38%
#449Hippopotas
38%
#883Hydragla
38%
#611Incisache
38%
#365Kaimorse
38%
#344Kaorine
38%
#352Kecleon
38%
#647Keldeo
38%
#399Keunotor
38%
#281Kirlia
38%
#581Lackmécygne
38%
#603Lampéroie
38%
#427Laporeille
38%
#540Larveyette
38%
#664Lépidonille
38%
#242Leuphorie
38%
#818 (Gigamax)Lézargus Gigamax
38%
#496Lianaja
38%
#618 (Galar)Limonde de Galar
38%
#403Lixy
38%
#428Lockpin
38%
#405Luxray
38%
#429Magirêve
38%
#497Majaspic
38%
#594Mamanbo
38%
#490Manaphy
38%
#542Manternel
38%
#508Mastouffe
38%
#726Matoufeu
38%
#006 (Méga)Méga-Dracaufeu X
38%
#006 (Méga)Méga-Dracaufeu Y
38%
#080 (Méga)Méga-Flagadoss
38%
#130 (Méga)Méga-Léviator
38%
#448 (Méga)Méga-Lucario
38%
#565Mégapagos
38%
#018 (Méga)Méga-Roucarnage
38%
#319 (Méga)Méga-Sharpedo
38%
#608Mélancolux
38%
#402Mélokrik
38%
#808Meltan
38%
#052 (Gigamax)Miaouss Gigamax
38%
#569 (Gigamax)Miasmax Gigamax
38%
#778Mimiqui
38%
#530Minotaupe
38%
#678Mistigrix
38%
#478Momartik
38%
#479Motisma
38%
#303Mysdibule
38%
#177Natu
38%
#668Némélios
38%
#524Nodulithe
38%
#577Nucléos
38%
#363Obalie
38%
#224Octillery
38%
#604Ohmassacre
38%
#730Oratoria
38%
#728Otaquin
38%
#729Otarlette
38%
#417Pachirisu
38%
#414Papilord
38%
#012 (Gigamax)Papilusion Gigamax
38%
#573Pashmilla
38%
#364Phogleur
38%
#025 (Gigamax)Pikachu Gigamax
38%
#614Polagriffe
38%
#507Ponchien
38%
#506Ponchiot
38%
#666Prismillon
38%
#677Psystigri
38%
#440Ptiravi
38%
#815 (Gigamax)Pyrobut Gigamax
38%
#636Pyronille
38%
#026 (Alola)Raichu d'Alola
38%
#451Rapion
38%
#369Relicanth
38%
#223Rémoraid
38%
#643Reshiram
38%
#528Rhinolove
38%
#199 (Galar)Roigada de Galar
38%
#143 (Gigamax)Ronflex Gigamax
38%
#368Rosabyss
38%
#407Roserade
38%
#529Rototaupe
38%
#828Roublenard
38%
#406Rozbouton
38%
#768Sarmuraï
38%
#624Scalpion
38%
#625Scalproie
38%
#367Serpang
38%
#492Shaymin
38%
#858Sorcilence
38%
#767Sovkipou
38%
#327Spinda
38%
#325Spoink
38%
#703Strassie
38%
#146 (Galar)Sulfura de Galar
38%
#579Symbios
38%
#088 (Alola)Tadmorv d'Alola
38%
#752Tarenbulle
38%
#299Tarinor
38%
#050 (Alola)Taupiqueur d'Alola
38%
#788Tokopisco
38%
#785Tokorico
38%
#787Tokotoro
38%
#009 (Gigamax)Tortank Gigamax
38%
#829Tournicoton
38%
#612Tranchodon
38%
#051 (Alola)Triopikeur d'Alola
38%
#535Tritonde
38%
#423Tritosor
38%
#590Trompignon
38%
#494Victini
38%
#219Volcaropod
38%
#455Vortente
38%
#629Vostourno
38%
#320Wailmer
38%
#321Wailord
38%
#876Wimessir
38%
#178Xatu
38%
#522Zébibron
38%
#523Zéblitz
38%
#644Zekrom
38%
#571Zoroark
38%
#570Zorua
38%
#334Altaria
31%
#751Araqua
31%
#769Bacabouh
31%
#797Bamboiselle
31%
#711Banshitrouye
31%
#340Barbicha
31%
#536Batracné
31%
#733Bazoucan
31%
#873Beldeneige
31%
#856Bibichut
31%
#742Bombydou
31%
#750Bourrinos
31%
#545Brutapode
31%
#083 (Galar)Canarticho de Galar
31%
#762Candine
31%
#424Capidextre
31%
#190Capumain
31%
#588Carabing
31%
#420Ceribou
31%
#878Charibari
31%
#825Coléodôme
31%
#342Colhomard
31%
#705Colimucus
31%
#222 (Galar)Corayon de Galar
31%
#823 (Gigamax)Corvaillus Gigamax
31%
#676Couafarel
31%
#558Crabaraque
31%
#740Crabominable
31%
#537Crapustule
31%
#553Crocorible
31%
#761Croquine
31%
#229Démolosse
31%
#232Donphan
31%
#842Dratatin
31%
#844Dunaconda
31%
#843Dunaja
31%
#884Duralugon
31%
#456Écayon
31%
#094 (Gigamax)Ectoplasma Gigamax
31%
#846Embrochet
31%
#071Empiflor
31%
#799Engloutyran
31%
#616Escargaume
31%
#552Escroco
31%
#660Excavarenne
31%
#692Flingouste
31%
#754Floramantis
31%
#860Fourbelin
31%
#626Frison
31%
#872Frissonille
31%
#746Froussardine
31%
#627Furaiglon
31%
#694Galvaran
31%
#693Gamblast
31%
#649Genesect
31%
#689Golgopathe
31%
#859Grimalin
31%
#847Hastacuda
31%
#870Hexadron
31%
#720Hoopa
31%
#798Katagami
31%
#833Khélocrok
31%
#433Korillon
31%
#853Krakos
31%
#646Kyurem
31%
#589Lançargot
31%
#824Larvadar
31%
#617Limaspeed
31%
#131 (Gigamax)Lokhlass Gigamax
31%
#609Lugulabre
31%
#792Lunala
31%
#404Luxio
31%
#068 (Gigamax)Mackogneur Gigamax
31%
#556Maracachi
31%
#802Marshadow
31%
#551Mascaïman
31%
#261Medhyèna
31%
#359 (Méga)Méga-Absol
31%
#065 (Méga)Méga-Alakazam
31%
#257 (Méga)Méga-Braségali
31%
#323 (Méga)Méga-Camérupt
31%
#212 (Méga)Méga-Cizayox
31%
#015 (Méga)Méga-Dardargnan
31%
#719 (Méga)Méga-Diancie
31%
#094 (Méga)Méga-Ectoplasma
31%
#254 (Méga)Méga-Jungko
31%
#115 (Méga)Méga-Kangourex
31%
#260 (Méga)Méga-Laggron
31%
#531 (Méga)Méga-Nanméouïe
31%
#362 (Méga)Méga-Oniglali
31%
#181 (Méga)Méga-Pharamp
31%
#142 (Méga)Méga-Ptéra
31%
#384 (Méga)Méga-Rayquaza
31%
#127 (Méga)Méga-Scarabrute
31%
#214 (Méga)Méga-Scarhino
31%
#208 (Méga)Méga-Steelix
31%
#248 (Méga)Méga-Tyranocif
31%
#578Méios
31%
#809 (Gigamax)Melmetal Gigamax
31%
#648Meloetta
31%
#774Météno
31%
#753Mimantis
31%
#122 (Galar)M. Mime de Galar
31%
#839 (Gigamax)Monthracite Gigamax
31%
#877Morpeko
31%
#435Moufflair
31%
#434Moufouette
31%
#593Moyade
31%
#704Mucuscule
31%
#706Muplodocus
31%
#418Mustébouée
31%
#598Noacier
31%
#688Opermine
31%
#105 (Alola)Ossatueur d'Alola
31%
#879Pachyradjah
31%
#675Pandarbare
31%
#674Pandespiègle
31%
#665Pérégrain
31%
#231Phanpy
31%
#731Picassaut
31%
#732Piclairon
31%
#710Pitrouille
31%
#119Poissoroy
31%
#383 (Primo)Primo-Groudon
31%
#382 (Primo)Primo-Kyogre
31%
#766Quartermac
31%
#211Qwilfish
31%
#422Sancoki
31%
#659Sapereau
31%
#544Scobolide
31%
#851 (Gigamax)Scolocendre Gigamax
31%
#574Scrutella
31%
#???Shifours
31%
#773Silvallié
31%
#763Sucreine
31%
#???Sylveroy
31%
#476Tarinorme
31%
#302Ténéfix
31%
#749Tiboudet
31%
#786Tokopiyon
31%
#834Torgamord
31%
#707Trousselin
31%
#333Tylton
31%
#630Vaututrice
31%
#592Viskuse
31%
#721Volcanion
31%
#747Vorastérie
31%
#???Wushours
31%
#???Zarude
31%
#631Aflamanoir
23%
#826Astronelle
23%
#826 (Gigamax)Astronelle Gigamax
23%
#339Barloche
23%
#782Bébécaille
23%
#875Bekaglaçon
23%
#641Boréas
23%
#776Boumata
23%
#715Bruyverne
23%
#795Cancrelove
23%
#760Chelours
23%
#737Chrysapile
23%
#771Concombaffe
23%
#789Cosmog
23%
#790Cosmovum
23%
#463Coudlangue
23%
#739Crabagarre
23%
#868Crèmy
23%
#561Cryptéro
23%
#685Cupcanaille
23%
#555 (Galar)Darumachode Galar
23%
#554 (Galar)Darumarond de Galar
23%
#645Démétéros
23%
#779Denticrisse
23%
#886Dispareptil
23%
#874Dolman
23%
#780Draïeul
23%
#784Ékaïser
23%
#885Fantyrm
23%
#682Fluvetin
23%
#642Fulguris
23%
#305Galegon
23%
#304Galekid
23%
#306Galeking
23%
#765Gouroutan
23%
#712Grelaçon
23%
#597Grindur
23%
#764Guérilande
23%
#586Haydaim
23%
#695Iguolta
23%
#099 (Gigamax)Krabboss Gigamax
23%
#619Kungfouine
23%
#887Lanssorien
23%
#605Lewsor
23%
#745Lougaroc
23%
#738Lucanon
23%
#457Luminéon
23%
#801Magearna
23%
#296Makuhita
23%
#758Malamandre
23%
#734Manglouton
23%
#460 (Méga)Méga-Blizzaroi
23%
#354 (Méga)Méga-Branette
23%
#445 (Méga)Méga-Carchacrok
23%
#308 (Méga)Méga-Charmina
23%
#229 (Méga)Méga-Démolosse
23%
#373 (Méga)Méga-Drattak
23%
#310 (Méga)Méga-Élecsprint
23%
#306 (Méga)Méga-Galeking
23%
#475 (Méga)Méga-Gallame
23%
#282 (Méga)Méga-Gardevoir
23%
#380 (Méga)Méga-Latias
23%
#381 (Méga)Méga-Latios
23%
#428 (Méga)Méga-Lockpin
23%
#376 (Méga)Méga-Métalosse
23%
#303 (Méga)Méga-Mysdibule
23%
#302 (Méga)Méga-Ténéfix
23%
#575Mesmérella
23%
#794Mouscoto
23%
#517Munna
23%
#518Mushana
23%
#419Mustéflott
23%
#800Necrozma
23%
#606Neitram
23%
#806Pierroteknik
23%
#741Plumeline
23%
#855Polthégeist
23%
#841Pomdrapi
23%
#852Poulpaf
23%
#748Prédastérie
23%
#744Rocabot
23%
#849Salarsen
23%
#849 (Gigamax)Salarsen Gigamax
23%
#713Séracrawl
23%
#620Shaofouine
23%
#??? (Gigamax)Shifours Gigamax
23%
#576Sidérella
23%
#781Sinistrail
23%
#791Solgaleo
23%
#714Sonistrelle
23%
#582Sorbébé
23%
#584Sorbouboul
23%
#583Sorboul
23%
#684Sucroquin
23%
#854Théffroi
23%
#777Togedemaru
23%
#834 (Gigamax)Torgamord Gigamax
23%
#848Toxizap
23%
#770Trépassable
23%
#757Tritox
23%
#772Type:0
23%
#840Verpom
23%
#585Vivaldaim
23%
#871Wattapik
23%
#861 (Gigamax)Angoliath Gigamax
15%
#735Argouste
15%
#560Baggaïd
15%
#559Baggiguane
15%
#534Bétochef
15%
#701Brutalibré
15%
#796Câblifère
15%
#869Charmilly
15%
#869 (Gigamax)Charmilly Gigamax
15%
#532Charpenti
15%
#683Cocotine
15%
#842 (Gigamax)Dratatin Gigamax
15%
#844 (Gigamax)Dunaconda Gigamax
15%
#884 (Gigamax)Duralugon Gigamax
15%
#783Écaïd
15%
#736Larvibule
15%
#334 (Méga)Méga-Altaria
15%
#845Nigosier
15%
#759Nounourson
15%
#533Ouvrifier
15%
#879 (Gigamax)Pachyradjah Gigamax
15%
#841 (Gigamax)Pomdrapi Gigamax
15%
#743Rubombelle
15%
#686Sepiatop
15%
#687Sepiatroce
15%
#858 (Gigamax)Sorcilence Gigamax
15%
#374Tehral
15%
#803Vémini
15%
#807Zeraora
15%
#793Zéroïd
15%
#322Charmallot
8%
#775Dodoala
8%
#621Drakkarmin
8%
#756Lampignon
8%
#804Mandrillon
8%
#755Spododo
8%
#329Vibranif
8%

Distribution des résultats

Percentile par nombre de réponses

% des personnes avec chaque résultat

Votre développement - résultats

Vous n’avez pas pris ce quiz